Programa histórico del FSLN
Spremljeno u:
| Autor kompanije: | |
|---|---|
| Format: | Tekst |
| Jezik: | Spanish |
| Izdano: |
Managua:
Departamento de Propaganda y Educación Política del FSLN
|
| Oznake: |
Dodaj oznaku
Bez oznaka, Budi prvi tko označuje ovaj zapis!
|
MARC
| LEADER | 00000 a a2200000 04500 | ||
|---|---|---|---|
| 001 | 21315 | ||
| 003 | cru CIDCACS/IIS | ||
| 005 | 20231129143547.0 | ||
| 008 | 181218b ||||| |||| 00| 0 spa d | ||
| 040 | |c cru CIDCACS/IIS | ||
| 090 | |a 04.04.02 F873p | ||
| 110 | |a Departamento de Propaganda y Educación Política del FSLN | ||
| 245 | |a Programa histórico del FSLN | ||
| 260 | |a Managua: |b Departamento de Propaganda y Educación Política del FSLN | ||
| 300 | |a 40 páginas | ||
| 942 | |2 z |c LI |h 04.04.02 F873p |i 12392 |6 040402_F873P_12392 | ||
| 999 | |c 1969 |d 1969 | ||
